Countries with the most donkeys - Statistics

General Stats
  • This quiz has been taken 118 times
  • The average score is 6 of 10
Answer Stats
# (millions) Answer % Correct
1.5 Egypt
77%
4.5 China
72%
1.6 Iran
69%
3.2 Mexico
64%
5.2 Pakistan
60%
1.3 Afghanistan
51%
1.8 Niger
47%
8.7 Ethiopia
44%
1.3 Nigeria
38%
3.1 Chad
37%
No matching quizzes found
Score Distribution
Percent of People with Each Score
Percentile by Number Answered
Your Score History
You have not taken this quiz